[Event "44. Torneo Villa de Mislata - A"]
[Site "Mislata ESP"]
[Date "2010.08.16"]
[Round "1.1"]
[White "Castella Garcia, Fausto"]
[Black "Silva Rodriguez, Fernando"]
[Result "1-0"]
[WhiteElo "2334"]
[BlackElo "2115"]
[PlyCount "49"]
[EventDate "2010.08.16"]
[EventType "swiss"]
[EventRounds "9"]
[EventCountry "ESP"]
[Source "lmi"]
[SourceDate "2010.08.16"]

1. e4 e5 2. Nf3 Nc6 3. Bb5 g6 4. d4 exd4 5. Bg5 Be7 6. Bxe7 Qxe7 7. Bxc6 dxc6
8. Qxd4 Nf6 9. Nc3 O-O 10. O-O-O Be6 11. h3 Rfd8 12. Qe3 a5 13. Nd4 c5 14. Nxe6
Qxe6 15. f4 c6 16. Rhe1 b5 17. Rxd8+ Rxd8 18. Qxc5 b4 19. Nb1 Nxe4 20. Qxa5 Rd4
21. Qe5 Qd7 22. c3 bxc3 23. bxc3 Nf2 24. Qxd4 Nd3+ 25. Kd2 1-0

[Event "44. Torneo Villa de Mislata - A"]
[Site "Mislata ESP"]
[Date "2010.08.16"]
[Round "1.2"]
[White "O`Neill y Daneiko, Jose Antonio"]
[Black "Torres Sanchez, Jose"]
[Result "0-1"]
[WhiteElo "2102"]
[BlackElo "2318"]
[PlyCount "62"]
[EventDate "2010.08.16"]
[EventType "swiss"]
[EventRounds "9"]
[EventCountry "ESP"]
[Source "lmi"]
[SourceDate "2010.08.16"]

1. e4 c5 2. Nf3 e6 3. d4 cxd4 4. Nxd4 Nf6 5. Nc3 d6 6. Be3 Nc6 7. Qd2 Ng4 8.
Bg5 Qb6 9. Nb3 h6 10. Bh4 a6 11. h3 Nf6 12. f4 Qc7 13. O-O-O Bd7 14. g4 O-O-O
15. Bg2 Be7 16. Bg3 g5 17. e5 Ne8 18. exd6 Bxd6 19. Rhf1 h5 20. Ne4 Bxf4 21.
Bxf4 gxf4 22. Rxf4 hxg4 23. hxg4 Ne5 24. Nbc5 Bc6 25. Qxd8+ Qxd8 26. Rxd8+ Kxd8
27. Bf1 Rh4 28. Be2 Ke7 29. Nd3 Ng6 30. Ng5 Nxf4 31. Nxf4 Nf6 0-1

[Event "44. Torneo Villa de Mislata - A"]
[Site "Mislata ESP"]
[Date "2010.08.16"]
[Round "1.3"]
[White "Berrocal, Jorge"]
[Black "Orosa Martinez, Victor"]
[Result "1-0"]
[WhiteElo "2293"]
[BlackElo "2092"]
[PlyCount "65"]
[EventDate "2010.08.16"]
[EventType "swiss"]
[EventRounds "9"]
[EventCountry "ESP"]
[Source "lmi"]
[SourceDate "2010.08.16"]

1. c4 c5 2. Nf3 Nc6 3. g3 e5 4. Nc3 g6 5. d3 Bg7 6. Bg2 Nge7 7. O-O O-O 8. Rb1
d6 9. a3 a5 10. Bd2 h6 11. Ne1 Be6 12. Nc2 Qd7 13. Nd5 Rab8 14. Nxe7+ Qxe7 15.
Ne3 Qd8 16. b4 axb4 17. axb4 Qd7 18. Nd5 Ne7 19. Qc1 Kh7 20. Bxh6 Nxd5 21. Bxg7
Kxg7 22. cxd5 Bh3 23. f4 Rh8 24. Rf2 cxb4 25. Rxb4 Rbc8 26. Qb2 Bxg2 27. fxe5
Rc1+ 28. Qxc1 Bxd5 29. Qa1 dxe5 30. Qxe5+ Kg8 31. Rd4 Rh5 32. Qb8+ Kg7 33. e4
1-0

[Event "44. Torneo Villa de Mislata - A"]
[Site "Mislata ESP"]
[Date "2010.08.16"]
[Round "1.4"]
[White "Martinez Ramon, Senen"]
[Black "Chueca Forcen, Alberto"]
[Result "0-1"]
[WhiteElo "2082"]
[BlackElo "2280"]
[PlyCount "106"]
[EventDate "2010.08.16"]
[EventType "swiss"]
[EventRounds "9"]
[EventCountry "ESP"]
[Source "lmi"]
[SourceDate "2010.08.16"]

1. e4 Nf6 2. e5 Nd5 3. d4 d6 4. c4 Nb6 5. f4 dxe5 6. fxe5 Nc6 7. Nf3 Bg4 8. Be2
e6 9. Be3 Qd7 10. O-O Rd8 11. Nbd2 Bb4 12. Nb3 Be7 13. Qe1 O-O 14. Qg3 Bh5 15.
Rad1 a5 16. Nc5 Qc8 17. Ne4 Bg6 18. Nc3 a4 19. d5 exd5 20. cxd5 a3 21. bxa3 Na5
22. d6 cxd6 23. Bxb6 Qxc3 24. exd6 Bf6 25. Bxd8 Rxd8 26. Rfe1 Qxa3 27. d7 h5
28. Qc7 Qa4 29. Bf1 Kh7 30. Rd5 Nc6 31. Qxb7 Nd4 32. Nxd4 Bxd4+ 33. Kh1 Bf6 34.
Qb3 Qa7 35. Qf3 Qa8 36. Bd3 Kg8 37. Bxg6 fxg6 38. Qd3 Qxa2 39. Re8+ Kf7 40.
Rxd8 Bxd8 41. Rd4 Qa1+ 42. Qd1 Qa5 43. h3 Kg8 44. Re4 Kh7 45. Re8 Qc7 46. Re6
Qf4 47. Qb1 Qg3 48. Re8 Bc7 49. Qg1 Qd6 50. Re2 Qxd7 51. g4 Qd5+ 52. Qg2 Qd1+
53. Qg1 Qxe2 0-1

[Event "44. Torneo Villa de Mislata - A"]
[Site "Mislata ESP"]
[Date "2010.08.16"]
[Round "1.5"]
[White "Urios Hernandez, Ramon"]
[Black "Cruz Lledo, Pablo"]
[Result "1/2-1/2"]
[WhiteElo "2071"]
[BlackElo "2239"]
[PlyCount "138"]
[EventDate "2010.08.16"]
[EventType "swiss"]
[EventRounds "9"]
[EventCountry "ESP"]
[Source "lmi"]
[SourceDate "2010.08.16"]

1. d4 d5 2. c4 c6 3. Nc3 Nf6 4. cxd5 cxd5 5. Bf4 Nc6 6. e3 a6 7. Bd3 Qb6 8. Qd2
e6 9. Nge2 Be7 10. O-O Nh5 11. Rac1 Nxf4 12. Nxf4 Bd7 13. Rfd1 Qa7 14. Qe2 O-O
15. Qh5 h6 16. Nce2 Qb8 17. h4 Qd8 18. g3 Bf6 19. Qf3 g6 20. Kg2 Bg7 21. Rh1
Rc8 22. g4 e5 23. Nxd5 Bxg4 24. Qxg4 Qxd5+ 25. e4 Qd6 26. d5 h5 27. Qh3 Ne7 28.
Rxc8 Rxc8 29. Nc3 b5 30. Rc1 Rc7 31. Bxb5 Rb7 32. Be2 Rxb2 33. Qd3 Bh6 34. Rc2
Rxc2 35. Qxc2 f5 36. Qd3 Qf6 37. d6 Qxh4 38. d7 Nc6 39. Qd5+ Kh7 40. Qxc6 Bf4
41. Bf3 Bg5 42. Qe6 Bf6 43. Qf7+ Kh6 44. Kf1 Qg5 45. exf5 gxf5 46. Qf8+ Kh7 47.
Qf7+ Kh6 48. Qf8+ Kh7 49. Qd6 e4 50. Be2 Qh4 51. Qg3 Qh1+ 52. Qg1 Qh3+ 53. Qg2
Qxc3 54. Qh2 h4 55. Bxa6 e3 56. fxe3 Qa1+ 57. Kf2 Qxa2+ 58. Be2 Qg8 59. Qd6 Qg5
60. Bd3 Kg7 61. Qf4 Qg6 62. Bxf5 Qg3+ 63. Qxg3+ hxg3+ 64. Kxg3 Bd8 65. e4 Kf6
66. Kg4 Ke7 67. Kf4 Bc7+ 68. e5 Bd8 69. Ke4 Bc7 1/2-1/2

[Event "44. Torneo Villa de Mislata - A"]
[Site "Mislata ESP"]
[Date "2010.08.16"]
[Round "1.6"]
[White "Adell Corts, Francisco"]
[Black "Plaza Agudo, Juan Francisco"]
[Result "1/2-1/2"]
[WhiteElo "2212"]
[BlackElo "2066"]
[PlyCount "125"]
[EventDate "2010.08.16"]
[EventType "swiss"]
[EventRounds "9"]
[EventCountry "ESP"]
[Source "lmi"]
[SourceDate "2010.08.16"]

1. e4 Nf6 2. e5 Nd5 3. d4 d6 4. Nf3 Bg4 5. h3 Bh5 6. Bc4 Nb6 7. Bb3 e6 8. g4
Bg6 9. Qe2 d5 10. Be3 a5 11. c3 Be7 12. Bc2 Bxc2 13. Qxc2 Na6 14. Nbd2 Qd7 15.
Nb3 Nc4 16. Bg5 Bxg5 17. Nxg5 h6 18. Nf3 a4 19. Nbd2 Nxd2 20. Qxd2 Qe7 21. h4
c5 22. O-O-O cxd4 23. Qxd4 Nc5 24. Ne1 O-O 25. Nd3 Nxd3+ 26. Qxd3 a3 27. b3 Qc7
28. f4 Rac8 29. Rh3 Rfd8 30. Qd4 Qc5 31. Qxc5 Rxc5 32. Rd4 b5 33. Kd2 Rdc8 34.
Rf3 g6 35. Kc2 R8c6 36. b4 Rc4 37. Kb3 Ra6 38. f5 Kg7 39. fxe6 fxe6 40. Rdf4
Rxf4 41. Rxf4 Rc6 42. h5 g5 43. Rf6 Ra6 44. Rg6+ Kh7 45. Kc2 Rb6 46. Kd2 Ra6
47. Rf6 Kg7 48. Rf3 Ra7 49. Kc2 Ra6 50. Rf2 Ra7 51. Rf6 Ra6 52. Kb3 Rc6 53.
Rg6+ Kh7 54. Kxa3 Rxc3+ 55. Kb2 Rc4 56. a3 Rxg4 57. Rxe6 Re4 58. Kc3 g4 59. Rg6
Rxe5 60. Rxg4 Rxh5 61. Kd4 Rh3 62. Kxd5 Rxa3 63. Kc5 1/2-1/2

[Event "44. Torneo Villa de Mislata - A"]
[Site "Mislata ESP"]
[Date "2010.08.16"]
[Round "1.7"]
[White "Castro Exposito, Cristobal"]
[Black "Calvo Alfonso, Vicente"]
[Result "1/2-1/2"]
[WhiteElo "2063"]
[BlackElo "2208"]
[PlyCount "82"]
[EventDate "2010.08.16"]
[EventType "swiss"]
[EventRounds "9"]
[EventCountry "ESP"]
[Source "lmi"]
[SourceDate "2010.08.16"]

1. d4 d5 2. c4 Nc6 3. Nc3 dxc4 4. Nf3 Bg4 5. e3 e6 6. Bxc4 Nf6 7. h3 Bh5 8. Bb5
Bb4 9. Qa4 Bxf3 10. gxf3 Bxc3+ 11. bxc3 Qd5 12. Rg1 Qxf3 13. Rxg7 Rg8 14. Rxg8+
Nxg8 15. Bxc6+ bxc6 16. Ba3 Kd7 17. Qa6 Nf6 18. Qe2 Qxh3 19. O-O-O Rg8 20. c4
Rg5 21. Qb2 Qf3 22. Qb4 Ng8 23. d5 exd5 24. cxd5 Rxd5 25. Rxd5+ Qxd5 26. Qg4+
f5 27. Qg7+ Kc8 28. Qxh7 Kb7 29. Bb2 Qe6 30. Qh4 Ne7 31. Qb4+ Ka8 32. Qa4 Nd5
33. Bd4 Nb6 34. Qa6 c5 35. Bc3 Qc4 36. Qxc4 Nxc4 37. Kc2 Nd6 38. Kd3 Kb7 39. f3
Kc6 40. e4 fxe4+ 41. fxe4 Nxe4 1/2-1/2

[Event "44. Torneo Villa de Mislata - A"]
[Site "Mislata ESP"]
[Date "2010.08.16"]
[Round "1.8"]
[White "Montalban Galvez, Antonio"]
[Black "Navarrete Espi, Samuel"]
[Result "1/2-1/2"]
[WhiteElo "2197"]
[BlackElo "2057"]
[PlyCount "64"]
[EventDate "2010.08.16"]
[EventType "swiss"]
[EventRounds "9"]
[EventCountry "ESP"]
[Source "lmi"]
[SourceDate "2010.08.16"]

1. Nf3 Nf6 2. g3 g6 3. Bg2 Bg7 4. O-O O-O 5. d4 d5 6. c4 c6 7. cxd5 cxd5 8. Nc3
Ne4 9. Ne5 f5 10. Bf4 Nc6 11. f3 Bxe5 12. dxe5 Qb6+ 13. e3 Nxc3 14. bxc3 e6 15.
Kh1 Qa5 16. e4 Qxc3 17. exd5 Rd8 18. Rc1 Qa5 19. dxc6 Rxd1 20. Rfxd1 bxc6 21.
Rxc6 Bb7 22. Rxe6 Qxa2 23. Red6 Re8 24. h4 a5 25. Rd7 Bc6 26. R7d6 Bb7 27. Bg5
Qb3 28. R6d3 Qb2 29. Bf6 a4 30. Rd7 Bc6 31. Rg7+ Kf8 32. Rxh7 a3 1/2-1/2

[Event "44. Torneo Villa de Mislata - A"]
[Site "Mislata ESP"]
[Date "2010.08.16"]
[Round "1.9"]
[White "Ballester Llagaria, Luis Eduard"]
[Black "Echarte Buil, Oscar"]
[Result "1-0"]
[WhiteElo "2056"]
[BlackElo "2164"]
[PlyCount "86"]
[EventDate "2010.08.16"]
[EventType "swiss"]
[EventRounds "9"]
[EventCountry "ESP"]
[Source "lmi"]
[SourceDate "2010.08.16"]

1. e4 c5 2. Nf3 g6 3. d4 cxd4 4. Qxd4 Nf6 5. e5 Nc6 6. Qc4 d5 7. exd6 Bg7 8.
Nc3 O-O 9. Bf4 e5 10. Be3 Be6 11. Qb5 Nd4 12. Nxd4 exd4 13. Bxd4 Qxd6 14. Be5
Qe7 15. O-O-O Rfd8 16. Be2 a6 17. Qa5 Rxd1+ 18. Rxd1 Ng4 19. Bxg7 Kxg7 20. f3
Nh6 21. Qe5+ f6 22. Qd6 Qf7 23. a3 Nf5 24. Qb6 Rc8 25. g4 Rc6 26. Qa7 Nd6 27.
Qd4 h6 28. h4 b5 29. g5 hxg5 30. hxg5 Nf5 31. gxf6+ Qxf6 32. Qxf6+ Kxf6 33. f4
Ne3 34. Rd3 Nxc2 35. Kxc2 Bf5 36. Kd2 Bxd3 37. Bxd3 Rc8 38. Ne4+ Kg7 39. b4 Rf8
40. Nc5 Rf6 41. Be4 Kh6 42. Ke3 Kh5 43. Bb7 Kg4 1-0

[Event "44. Torneo Villa de Mislata - A"]
[Site "Mislata ESP"]
[Date "2010.08.16"]
[Round "1.10"]
[White "Rosado Gonzalez, Yoania"]
[Black "Gerona Maura, Jesus"]
[Result "0-1"]
[WhiteElo "2164"]
[BlackElo "2044"]
[PlyCount "74"]
[EventDate "2010.08.16"]
[EventType "swiss"]
[EventRounds "9"]
[EventCountry "ESP"]
[Source "lmi"]
[SourceDate "2010.08.16"]

1. e4 c5 2. Nf3 d6 3. Bb5+ Nd7 4. O-O a6 5. Bxd7+ Qxd7 6. b3 e5 7. c3 Nf6 8. d4
Qc7 9. dxe5 dxe5 10. h3 Be7 11. c4 O-O 12. Nc3 Be6 13. Bb2 Rad8 14. Qc2 Nd7 15.
Nd5 Bxd5 16. exd5 f5 17. Rad1 e4 18. Rfe1 Bf6 19. Bxf6 Rxf6 20. Ng5 Nf8 21. h4
h6 22. Nh3 Ng6 23. h5 Ne5 24. Qd2 g5 25. hxg6 Rxg6 26. Kh1 Qe7 27. Qf4 Qf6 28.
Re3 Rg4 29. Qh2 Nd3 30. f3 Rh4 31. Rf1 f4 32. Rxe4 Kh7 33. Re2 Rg8 34. d6 Qxd6
35. Rfe1 Nxe1 36. Rxe1 Rg3 37. a3 Qd7 0-1

[Event "44. Torneo Villa de Mislata - A"]
[Site "Mislata ESP"]
[Date "2010.08.17"]
[Round "2.1"]
[White "Puerto Traver, Juan Manuel"]
[Black "Castella Garcia, Fausto"]
[Result "1/2-1/2"]
[WhiteElo "2163"]
[BlackElo "2334"]
[PlyCount "89"]
[EventDate "2010.08.16"]
[EventType "swiss"]
[EventRounds "9"]
[EventCountry "ESP"]
[Source "lmi"]
[SourceDate "2010.08.16"]

1. c4 c5 2. Nf3 g6 3. Nc3 Bg7 4. d4 cxd4 5. Nxd4 Nf6 6. e4 d6 7. Be2 Nc6 8. Be3
O-O 9. O-O Bd7 10. b3 Nxd4 11. Bxd4 Bc6 12. Qc2 a5 13. Rad1 Nd7 14. Be3 Qc7 15.
f3 Nc5 16. Rd2 Qb6 17. Rb1 Qb4 18. Nd5 Bxd5 19. cxd5 Rfc8 20. Qc4 Na6 21. Qxb4
Nxb4 22. Bc4 a4 23. a3 axb3 24. Rxb3 Rxc4 25. Rxb4 Rxb4 26. axb4 Bc3 27. Rc2
Bxb4 28. Rc7 Rb8 29. Ba7 Ra8 30. Be3 Ra1+ 31. Kf2 Ra2+ 32. Kg3 b5 33. Bd4 Ra8
34. Rb7 Be1+ 35. Bf2 Bxf2+ 36. Kxf2 Kf8 37. Rxb5 Ra2+ 38. Kg3 Kg7 39. Rb7 Kf6
40. h4 h5 41. Rd7 Ra6 42. Kf4 e5+ 43. dxe6 Kxe6 44. Rb7 Kf6 45. Rd7 1/2-1/2

[Event "44. Torneo Villa de Mislata - A"]
[Site "Mislata ESP"]
[Date "2010.08.17"]
[Round "2.2"]
[White "Torres Sanchez, Jose"]
[Black "Jordan Arenas, Manuel"]
[Result "1-0"]
[WhiteElo "2318"]
[BlackElo "2158"]
[PlyCount "47"]
[EventDate "2010.08.16"]
[EventType "swiss"]
[EventRounds "9"]
[EventCountry "ESP"]
[Source "lmi"]
[SourceDate "2010.08.16"]

1. e4 e5 2. Nf3 Nc6 3. Bb5 a6 4. Ba4 Nf6 5. O-O d6 6. Bxc6+ bxc6 7. d4 exd4 8.
Nxd4 c5 9. Nf3 Be7 10. Nc3 O-O 11. Re1 Bb7 12. Qd3 Re8 13. Bf4 Qd7 14. h3 Qc6
15. Rad1 Rad8 16. Bg5 c4 17. Qd2 Qc5 18. Nd4 Kf8 19. Qf4 Qe5 20. Nf5 Qxf4 21.
Bxf4 g6 22. Bh6+ Kg8 23. Nxe7+ Rxe7 24. Bg5 1-0

[Event "44. Torneo Villa de Mislata - A"]
[Site "Mislata ESP"]
[Date "2010.08.17"]
[Round "2.3"]
[White "Crecente Penalba, Jose Manuel"]
[Black "Berrocal, Jorge"]
[Result "0-1"]
[WhiteElo "2134"]
[BlackElo "2293"]
[PlyCount "89"]
[EventDate "2010.08.16"]
[EventType "swiss"]
[EventRounds "9"]
[EventCountry "ESP"]
[Source "lmi"]
[SourceDate "2010.08.16"]

1. d4 Nf6 2. Nf3 g6 3. b3 Bg7 4. Bb2 c5 5. e3 O-O 6. Be2 d5 7. O-O cxd4 8. exd4
Nc6 9. Nbd2 Qb6 10. c4 dxc4 11. Nxc4 Qd8 12. Nce5 Nb4 13. Qd2 Nbd5 14. Bd3 a5
15. a3 Qb6 16. Bc2 Qd6 17. Rac1 Bd7 18. Rfe1 Rfd8 19. Bd3 Qb6 20. Rc5 Be8 21.
Nc4 Qa7 22. Rxa5 Qb8 23. Rxa8 Qxa8 24. Nce5 e6 25. Rc1 Bf8 26. b4 Be7 27. Ng5
Qb8 28. Ngf3 Nb6 29. Qe2 Na4 30. Ba1 Rc8 31. Rxc8 Qxc8 32. Qc2 Qd8 33. b5 Qa8
34. Qb3 Qa5 35. h3 Nd5 36. Qc4 Nab6 37. Qc2 Qxa3 38. Bb2 Qa2 39. Qc1 Qb3 40.
Nd2 Qb4 41. Ndc4 Nxc4 42. Qxc4 Qxb2 43. Qc8 Nf6 44. Ng4 Qa1+ 45. Kh2 0-1

[Event "44. Torneo Villa de Mislata - A"]
[Site "Mislata ESP"]
[Date "2010.08.17"]
[Round "2.4"]
[White "Chueca Forcen, Alberto"]
[Black "Gimeno Martos, Roberto"]
[Result "1-0"]
[WhiteElo "2280"]
[BlackElo "2135"]
[PlyCount "123"]
[EventDate "2010.08.16"]
[EventType "swiss"]
[EventRounds "9"]
[EventCountry "ESP"]
[Source "lmi"]
[SourceDate "2010.08.16"]

1. d4 Nf6 2. c4 g6 3. Nc3 d5 4. Nf3 Bg7 5. Qb3 dxc4 6. Qxc4 O-O 7. e4 Bg4 8.
Be3 Nfd7 9. Qb3 Nb6 10. Rd1 Nc6 11. d5 Ne5 12. Be2 Nxf3+ 13. gxf3 Bh5 14. f4
Bxe2 15. Nxe2 Qd7 16. Bd4 Bxd4 17. Nxd4 Qa4 18. Qxa4 Nxa4 19. Rc1 Nxb2 20. Ke2
Rfc8 21. Rb1 Nc4 22. Rhc1 Nb6 23. Rc2 c6 24. dxc6 bxc6 25. Rbc1 c5 26. Rxc5 Rd8
27. Nc6 Rd7 28. Ke3 Kg7 29. Ne5 Rb7 30. Rc7 Rab8 31. Nd3 Na8 32. Rxb7 Rxb7 33.
Rc6 e6 34. a4 Kf6 35. a5 Ke7 36. Rc8 Nb6 37. axb6 axb6 38. Nb4 h5 39. e5 Kd7
40. Rc6 Ke7 41. Rd6 Kf8 42. Nc6 b5 43. Rd8+ Kg7 44. Rb8 Rc7 45. Nd4 Rc3+ 46.
Ke2 Rc4 47. Kd3 Rc1 48. Rxb5 Rd1+ 49. Ke3 Re1+ 50. Kf3 Rd1 51. Nc2 Rc1 52. Ne3
Rc7 53. Rb4 Ra7 54. Nc4 f6 55. Nd6 Ra3+ 56. Kg2 fxe5 57. fxe5 Ra5 58. Rb5 Ra4
59. Rb7+ Kh6 60. h3 g5 61. Re7 g4 62. h4 1-0

[Event "44. Torneo Villa de Mislata - A"]
[Site "Mislata ESP"]
[Date "2010.08.17"]
[Round "2.5"]
[White "Fernandez Ayuso, Sergio"]
[Black "Pena Riasco, Alexander"]
[Result "0-1"]
[WhiteElo "1968"]
[BlackElo "2255"]
[PlyCount "62"]
[EventDate "2010.08.16"]
[EventType "swiss"]
[EventRounds "9"]
[EventCountry "ESP"]
[Source "lmi"]
[SourceDate "2010.08.16"]

1. e4 c5 2. Nf3 d6 3. d4 cxd4 4. Nxd4 Nf6 5. Nc3 a6 6. Be2 e5 7. Nb3 Be7 8. O-O
O-O 9. Qd3 Nbd7 10. Be3 b5 11. a4 b4 12. Nd5 Nxd5 13. Qxd5 Rb8 14. f3 Nf6 15.
Qd2 d5 16. exd5 Nxd5 17. Bf2 Bg5 18. Qd3 Nf4 19. Qc4 Qf6 20. Nc5 a5 21. Rfe1
Bf5 22. Bf1 Rbc8 23. c3 Ne6 24. Qd5 Nxc5 25. Bxc5 Rfd8 26. Qxe5 Qxe5 27. Rxe5
Rxc5 28. Rxc5 Be3+ 29. Kh1 Bxc5 30. cxb4 Bxb4 31. Bc4 Bc2 0-1

[Event "44. Torneo Villa de Mislata - A"]
[Site "Mislata ESP"]
[Date "2010.08.17"]
[Round "2.6"]
[White "Cruz Lledo, Pablo"]
[Black "Ballester Llagaria, Luis Eduard"]
[Result "0-1"]
[WhiteElo "2239"]
[BlackElo "2056"]
[PlyCount "64"]
[EventDate "2010.08.16"]
[EventType "swiss"]
[EventRounds "9"]
[EventCountry "ESP"]
[Source "lmi"]
[SourceDate "2010.08.16"]

1. d4 d5 2. Nf3 Nf6 3. e3 e6 4. c4 dxc4 5. Bxc4 a6 6. O-O c5 7. Qc2 b5 8. Be2
cxd4 9. Rd1 Bb7 10. Nxd4 Nbd7 11. Bf3 Bxf3 12. Nxf3 Rc8 13. Qe2 Be7 14. a4 Qb6
15. Nd4 b4 16. Nd2 O-O 17. Nc4 Qc7 18. b3 Nc5 19. Nd2 Nd5 20. Qc4 Qd7 21. N2f3
Bf6 22. a5 Nc3 23. Re1 e5 24. Bd2 exd4 25. exd4 N5e4 26. Qxa6 Nxd2 27. Nxd2
Bxd4 28. Nf3 Bf6 29. Kh1 Qd5 30. Qf1 Qxb3 31. a6 Qd5 32. a7 b3 0-1

[Event "44. Torneo Villa de Mislata - A"]
[Site "Mislata ESP"]
[Date "2010.08.17"]
[Round "2.7"]
[White "Navarrete Espi, Samuel"]
[Black "Adell Corts, Francisco"]
[Result "0-1"]
[WhiteElo "2057"]
[BlackElo "2212"]
[PlyCount "134"]
[EventDate "2010.08.16"]
[EventType "swiss"]
[EventRounds "9"]
[EventCountry "ESP"]
[Source "lmi"]
[SourceDate "2010.08.16"]

1. e4 e6 2. d4 d5 3. Nc3 Bb4 4. e5 c5 5. a3 Bxc3+ 6. bxc3 Nc6 7. Qg4 Nge7 8.
Qxg7 Rg8 9. Qxh7 cxd4 10. f4 Qa5 11. Ne2 dxc3 12. Qd3 Bd7 13. Rb1 b6 14. Qxc3
Qxc3+ 15. Nxc3 Nd4 16. Kd1 Rc8 17. Bd2 Nef5 18. a4 Nxc2 19. Kxc2 d4 20. Kb3
dxc3 21. Bxc3 Bxa4+ 22. Kxa4 Rxc3 23. Kb5 Ke7 24. g3 Rc5+ 25. Ka6 Ra5+ 26. Kb7
Rd8 27. Rc1 Rd7+ 28. Rc7 Rxc7+ 29. Kxc7 Ne3 30. Bd3 b5 31. h4 Nd5+ 32. Kb7 Kf8
33. h5 Ra3 34. h6 Kg8 35. Be4 Rxg3 36. Rc1 Nc3 37. Bb1 a5 38. f5 Nxb1 39. fxe6
fxe6 40. Rxb1 b4 41. Kb6 Ra3 42. Kc6 Rd3 43. Rg1+ Kh8 44. Rg6 b3 45. Rxe6 a4
46. Re8+ Kh7 47. Rb8 a3 48. e6 a2 49. e7 Re3 50. Rxb3 Rxb3 51. e8=Q Rc3+ 52.
Kd5 a1=Q 53. Qe7+ Kxh6 54. Qh4+ Kg6 55. Qg4+ Kf7 56. Qe6+ Kf8 57. Qf5+ Ke8 58.
Qe5+ Kd8 59. Qb8+ Kd7 60. Qb7+ Rc7 61. Qb5+ Kc8 62. Qe8+ Kb7 63. Qb5+ Ka7 64.
Kd6 Rb7 65. Qc5+ Rb6+ 66. Kd7 Qg7+ 67. Kc8 Qf8+ 0-1

[Event "44. Torneo Villa de Mislata - A"]
[Site "Mislata ESP"]
[Date "2010.08.17"]
[Round "2.8"]
[White "Calvo Alfonso, Vicente"]
[Black "Bas Mas, Jose Joaquin"]
[Result "1/2-1/2"]
[WhiteElo "2208"]
[BlackElo "2030"]
[PlyCount "35"]
[EventDate "2010.08.16"]
[EventType "swiss"]
[EventRounds "9"]
[EventCountry "ESP"]
[Source "lmi"]
[SourceDate "2010.08.16"]

1. d4 Nf6 2. Nf3 c5 3. d5 e6 4. Nc3 exd5 5. Nxd5 Nxd5 6. Qxd5 Be7 7. e4 Nc6 8.
Bc4 O-O 9. c3 d6 10. Bf4 Na5 11. Bd3 Re8 12. O-O Be6 13. Qh5 g6 14. Qh6 Bf8 15.
Qg5 Qxg5 16. Bxg5 Bc4 17. Bxc4 Nxc4 18. b3 1/2-1/2

[Event "44. Torneo Villa de Mislata - A"]
[Site "Mislata ESP"]
[Date "2010.08.17"]
[Round "2.9"]
[White "Plaza Agudo, Juan Francisco"]
[Black "Montalban Galvez, Antonio"]
[Result "0-1"]
[WhiteElo "2066"]
[BlackElo "2197"]
[PlyCount "67"]
[EventDate "2010.08.16"]
[EventType "swiss"]
[EventRounds "9"]
[EventCountry "ESP"]
[Source "lmi"]
[SourceDate "2010.08.16"]

1. e4 c6 2. d4 d5 3. e5 Bf5 4. Nc3 e6 5. g4 Bg6 6. Nge2 c5 7. Be3 Nd7 8. Nf4
Ne7 9. h4 Nc6 10. Nce2 cxd4 11. Nxd4 Ndxe5 12. Bb5 Qa5+ 13. Kf1 O-O-O 14. Bxc6
bxc6 15. h5 Be4 16. f3 c5 17. fxe4 cxd4 18. Qxd4 Nxg4 19. Qxa7 Nxe3+ 20. Qxe3
Bc5 21. Qe2 dxe4 22. c3 Qc7 23. Qxe4 Rd2 24. Ne2 Rhd8 25. Rh4 R8d5 26. Qa4 Qb7
27. Qe4 Rf5+ 28. Ke1 Qxe4 29. Rxe4 Rxb2 30. Rc4 Rxh5 31. Ng3 Re5+ 32. Ne4 Kd8
33. Kd1 Be3 34. a4 0-1

[Event "44. Torneo Villa de Mislata - A"]
[Site "Mislata ESP"]
[Date "2010.08.17"]
[Round "2.10"]
[White "Montoliu Cervero, Francisco"]
[Black "Castro Exposito, Cristobal"]
[Result "1-0"]
[WhiteElo "2153"]
[BlackElo "2063"]
[PlyCount "51"]
[EventDate "2010.08.16"]
[EventType "swiss"]
[EventRounds "9"]
[EventCountry "ESP"]
[Source "lmi"]
[SourceDate "2010.08.16"]

1. e4 e6 2. d4 d5 3. e5 c5 4. c3 Nc6 5. Nf3 Bd7 6. a3 c4 7. b3 cxb3 8. Qxb3 Qc7
9. Bd3 f6 10. O-O O-O-O 11. Bf4 Na5 12. Qc2 Nc4 13. Nbd2 f5 14. Qa2 Bb5 15.
Rfb1 Nxd2 16. Qxd2 Bxd3 17. Qxd3 Kb8 18. Rc1 Rc8 19. Ng5 Qe7 20. c4 h6 21. Nxe6
Qxe6 22. cxd5 Rxc1+ 23. Rxc1 Qxd5 24. e6+ Bd6 25. Qxf5 Qxd4 26. Qf8# 1-0

[Event "44. Torneo Villa de Mislata - A"]
[Site "Mislata ESP"]
[Date "2010.08.17"]
[Round "3.1"]
[White "Ballester Llagaria, Luis Eduard"]
[Black "Torres Sanchez, Jose"]
[Result "0-1"]
[WhiteElo "2056"]
[BlackElo "2318"]
[PlyCount "105"]
[EventDate "2010.08.16"]
[EventType "swiss"]
[EventRounds "9"]
[EventCountry "ESP"]
[Source "lmi"]
[SourceDate "2010.08.16"]

1. e4 c6 2. Ne2 d5 3. e5 c5 4. d4 Nc6 5. c3 Bg4 6. f3 Bf5 7. Be3 Qb6 8. Qb3 c4
9. Qxb6 axb6 10. Nd2 b5 11. Nf4 e6 12. g4 Bg6 13. h4 b4 14. Be2 bxc3 15. bxc3
Ba3 16. Nxg6 hxg6 17. Rb1 Rb8 18. Rb5 Be7 19. g5 Bd8 20. a4 Nge7 21. Nb1 Nf5
22. Bf4 Rxh4 23. Rxh4 Nxh4 24. Bd2 Be7 25. Bc1 Kd7 26. Na3 Nf5 27. Kf2 Kc7 28.
Rb1 b6 29. Nb5+ Kb7 30. Bf4 Ra8 31. Ra1 Na7 32. Nxa7 Rxa7 33. Bd1 Ra8 34. Bc2
Rh8 35. Rg1 Rh4 36. Rg4 Rh1 37. Rg1 Rh4 38. Rg4 Rh1 39. Rg1 Rxg1 40. Kxg1 Ba3
41. Kf2 Bb2 42. Bd2 Ne7 43. Ke2 Nc6 44. Kd1 Ka6 45. Bb1 Ka5 46. Bc2 Na7 47. f4
b5 48. axb5 Nxb5 49. Ke2 Bxc3 50. Bxc3+ Nxc3+ 51. Ke3 Na2 52. f5 Nb4 53. Bb1
0-1

[Event "44. Torneo Villa de Mislata - A"]
[Site "Mislata ESP"]
[Date "2010.08.17"]
[Round "3.2"]
[White "Berrocal, Jorge"]
[Black "Chueca Forcen, Alberto"]
[Result "0-1"]
[WhiteElo "2293"]
[BlackElo "2280"]
[PlyCount "78"]
[EventDate "2010.08.16"]
[EventType "swiss"]
[EventRounds "9"]
[EventCountry "ESP"]
[Source "lmi"]
[SourceDate "2010.08.16"]

1. c4 e5 2. Nc3 Nc6 3. Nf3 g6 4. d4 exd4 5. Nxd4 Bg7 6. Be3 Ne5 7. Qb3 Ng4 8.
Nc2 Nxe3 9. Nxe3 b6 10. g3 Bb7 11. Bg2 Bxg2 12. Nxg2 Ne7 13. Rd1 O-O 14. Nf4 d6
15. O-O Nf5 16. Rd3 Nd4 17. Qa4 Ne6 18. Qc6 Nxf4 19. gxf4 Re8 20. e3 Rc8 21.
Rfd1 g5 22. fxg5 Qxg5+ 23. Kh1 Kh8 24. Qf3 Rg8 25. Qh3 Bxc3 26. Rxc3 Rce8 27.
f4 Qg6 28. Qf3 Rg7 29. Rcc1 Reg8 30. b4 Qg2+ 31. Qxg2 Rxg2 32. c5 dxc5 33. bxc5
Rxa2 34. Rd7 Rgg2 35. Rxf7 Rxh2+ 36. Kg1 Rag2+ 37. Kf1 Rg7 38. Rxg7 Kxg7 39.
cxb6 Rh1+ 0-1

[Event "44. Torneo Villa de Mislata - A"]
[Site "Mislata ESP"]
[Date "2010.08.17"]
[Round "3.3"]
[White "Pena Riasco, Alexander"]
[Black "Puerto Traver, Juan Manuel"]
[Result "1-0"]
[WhiteElo "2255"]
[BlackElo "2163"]
[PlyCount "79"]
[EventDate "2010.08.16"]
[EventType "swiss"]
[EventRounds "9"]
[EventCountry "ESP"]
[Source "lmi"]
[SourceDate "2010.08.16"]

1. e4 d6 2. Bc4 c6 3. Bb3 e5 4. d3 Na6 5. Ne2 Nc5 6. Nd2 Nxb3 7. axb3 Nf6 8.
Ng3 g6 9. O-O Bg7 10. Nc4 b5 11. Na5 Qc7 12. b4 O-O 13. Bg5 Be6 14. h3 h6 15.
Be3 Nd7 16. Qc1 Kh7 17. f4 f5 18. exf5 gxf5 19. Qd1 Rf7 20. Qf3 exf4 21. Qxf4
Ne5 22. Nh5 Ng6 23. Qf2 Bxb2 24. Rab1 Bg7 25. Nxg7 Rxg7 26. Bxh6 Kxh6 27. Qe3+
Kh7 28. Qxe6 Nh4 29. Rf4 Qd8 30. g4 Qg5 31. Rbf1 Rf8 32. Nxc6 Rf6 33. Qd5 Rfg6
34. Nd4 fxg4 35. Qxg5 Rxg5 36. Ne6 Nf3+ 37. Kf2 Ne5 38. Nxg5+ Rxg5 39. hxg4
Nxg4+ 40. Ke2 1-0